Contribuciones al comercio exterior (Registro nro. 164591)

Detalles MARC
000 -LEADER
fixed length control field 01068nam a22002537a 4500
007 - PHYSICAL DESCRIPTION FIXED FIELD--GENERAL INFORMATION
fixed length control field cr|||| ||u|
008 - FIXED-LENGTH DATA ELEMENTS--GENERAL INFORMATION
fixed length control field 161102t2016 Mx |||||o|||| 001 0 Spa d
020 ## - INTERNATIONAL STANDARD BOOK NUMBER
International Standard Book Number 978-607-406-812-2
035 ## -
-- 14454
040 ## - CATALOGING SOURCE
Original cataloging agency vLex
090 ## -
-- 6336
-- 6336
100 1# - MAIN ENTRY--PERSONAL NAME
Personal name Méndez Castro, Ricardo
245 1# - TITLE STATEMENT
Title Contribuciones al comercio exterior
Medium [Recurso electrónico] /
Statement of responsibility, etc Ricardo Méndez Castro.
256 ## -
-- Servicio en línea
260 ## - PUBLICATION, DISTRIBUTION, ETC. (IMPRINT)
Place of publication, distribution, etc México:
Name of publisher, distributor, etc Ediciones Fiscales ISEF,
Date of publication, distribution, etc 2016.
300 ## - PHYSICAL DESCRIPTION
Extent 1 Recurso electrónico
506 1# - RESTRICTIONS ON ACCESS NOTE
Terms governing access Disponible en los productos indicados
Authorized users vLex Global
-- vLex Global (Academic Edition, excluding Law Schools)
-- vLex Global (U.S. Academic Edition, Law Schools)
-- vLex Global (U.S. Academic Edition, excluding Law Schools)
-- vLex Global (Academic Edition, Law Schools)
650 04 - SUBJECT ADDED ENTRY--TOPICAL TERM
Topical term or geographic name as entry element Derecho fiscal
Geographic subdivision México
650 04 - SUBJECT ADDED ENTRY--TOPICAL TERM
Topical term or geographic name as entry element Derecho administrativo
Geographic subdivision México
740 0# -
-- vLex libros (servicio en línea)
856 40 - LOCALIZACIÓN Y ACCESO ELECTRÓNICO
Identificador Uniforme del Recurso (URI/URL) https://app.vlex.com/#/sources/contribuciones-al-comercio-exterior-14454
942 ## -
-- RAA
999 ## -
-- 164591
-- 164591

No hay ítems disponibles.


CONTACTO


NOSOTROS


SITIOS DE INTERES

coordinacion.biblioteca.biblioteca@unienlinea.mx Misión, Visión y Objetivos Bases de datos
Directorio Bibliotecas Digitales y Repositorios
Normatividad Revistas y artículos
Convenios interbibliotecarios
Boletines



Hecho en México. Universidad Insurgentes (UIN). Todos los derechos reservados 2024. Esta página y sus contenidos pueden ser reproducidos con fines no lucrativos, siempre y cuando no se mutile, se cite la fuente completa y su dirección electrónicas. De otra forma requiere permiso previo por escrito de la institución




2024 Copyright Universidad Insurgentes | www.bibliouin.com.mx